The theatre experience

Gespeichert in:
Bibliographische Detailangaben
1. Verfasser: WILSON, Edwin
Format: Buch
Sprache:Englisch
Veröffentlicht: McGraw Hill Education 2020
Tags: Tag hinzufügen
Keine Tags, Fügen Sie den ersten Tag hinzu!

MARC

LEADER 00000nam a22000007a 4500
008 210805b ||||| |||| 00| 0 eng d
020 |a 9781260566512 
100 |a WILSON, Edwin 
245 |a The theatre experience  |c Edwin Wilson  |g xxii, 346p;ill 
250 |b 13th & 14th 
260 |b McGraw Hill Education  |c 2020  |h New York  |i 696788  |i 696789  |i 700039  |i 700040  |i 700041  |l PN1655.W69  |m Theater  |m Drama 
500 |a it includes index 
942 |a lcc  |c BK  |e JOHNSON  |f 05/08/21 
952 |0 0  |1 0  |2 lcc  |4 0  |6 PN1655 W69  |7 0  |9 2934  |a ART  |b HOL  |d 2021-08-05  |l 0  |o PN1655.W69  |p 2021-66610  |r 2021-08-05 00:00:00  |t 696789  |w 2021-08-05  |y BK 
952 |0 0  |1 0  |2 lcc  |4 0  |6 PN1655 W69  |7 0  |9 2935  |a HOL  |b HOL  |d 2021-08-05  |l 0  |o PN1655.W69  |p 2021-66611  |r 2021-08-05 00:00:00  |t 696788  |w 2021-08-05  |y BK 
952 |0 0  |1 0  |2 lcc  |4 0  |6 PN1655 W69  |7 0  |9 5374  |a ART  |b HOL  |c LP  |d 2024-07-08  |l 0  |o PN1655.W69  |p 2024-0615  |r 2024-07-08 00:00:00  |t 700039  |w 2024-07-08  |y BK 
952 |0 0  |1 0  |2 lcc  |4 0  |6 PN1655 W69  |7 0  |9 5375  |a HOL  |b HOL  |c LP  |d 2024-07-08  |l 0  |o PN1655.W69  |p 2024-0616  |r 2024-07-08 00:00:00  |t 700040  |w 2024-07-08  |y BK 
952 |0 0  |1 0  |2 lcc  |4 0  |6 PN1655 W69  |7 0  |9 5376  |a HOL  |b HOL  |c LP  |d 2024-07-08  |l 0  |o PN1655.W69  |p 2024-0617  |r 2024-07-08 00:00:00  |t 700041  |w 2024-07-08  |y BK 
999 |c 1487  |d 1487